000
00272nam a2200109Ia 4500
008
200302s9999 xx 000 0 und d
100
_a
S. C. Rangwala & Others
245
_a
Building Construction
260
_b
Charotar Publishing House
260
_c
2003
300
_a
831 P.,
999
_c
1993
_d
1993